| Tag |
First Indicator |
Second Indicator |
Subfields |
| LEADER |
00000cam a2200000Mi 4500 |
| 001 |
in00005498024 |
| 006 |
m o d |
| 007 |
cr un||||||||| |
| 008 |
211005s2019 enk fo 000 0 eng d |
| 005 |
20240923171847.0 |
| 035 |
|
|
|a (OCoLC)on1277090734
|
| 040 |
|
|
|a SGPBL
|b eng
|e rda
|e pn
|c SGPBL
|d OCLCF
|d OCLCO
|
| 020 |
|
|
|a 9781529777666
|q (ebook)
|
| 020 |
|
|
|a 1529777666
|
| 035 |
|
|
|a (OCoLC)1277090734
|
| 050 |
|
4 |
|a HG1615
|b .N34 2019
|
| 082 |
0 |
4 |
|a 332.1068
|2 23
|
| 049 |
|
|
|a TXAM
|
| 100 |
1 |
|
|a Nagar, Neerav,
|e author.
|
| 245 |
1 |
0 |
|a Financial analysis of banks /
|c Neerav Nagar.
|
| 264 |
|
1 |
|a London :
|b Indian Institute of Management, Ahmedabad,
|c 2019.
|
| 300 |
|
|
|a 1 online resource.
|
| 336 |
|
|
|a text
|b txt
|2 rdacontent
|
| 337 |
|
|
|a computer
|b c
|2 rdamedia
|
| 338 |
|
|
|a online resource
|b cr
|2 rdacarrier
|
| 490 |
1 |
|
|a SAGE Business Cases
|
| 500 |
|
|
|a Originally Published InNagar, N. (2019). Financial Analysis of Banks. IIMA/F&A0545EX. Ahmedabad, India: Indian Institute of Management, Ahmedabad.
|
| 520 |
8 |
|
|a This short case provides the abridged income statements and balance sheets for two recent years for two public sector banks - Bank of Baroda (BOB) and State Bank of India (SBI) in Exhibit 1 in the case. The trends in numbers and few ratios have been given in Exhibits 2, 3 and 4 in the case. The industry averages are given in Exhibit 5 in the case. The task before the students is to evaluate the performance of each bank and do a comparative analysis.
|
| 588 |
|
|
|a Description based on XML content.
|
| 650 |
|
0 |
|a Banks and banking
|v Case studies.
|
| 650 |
|
7 |
|a Banks and banking.
|2 fast
|0 (OCoLC)fst00826867
|
| 655 |
|
7 |
|a Electronic books.
|2 local
|
| 655 |
|
7 |
|a Case studies.
|2 fast
|0 (OCoLC)fst01423765
|
| 830 |
|
0 |
|a SAGE Business.
|p Cases.
|
| 856 |
4 |
0 |
|u http://proxy.library.tamu.edu/login?url=https://sk.sagepub.com/cases/financial-analysis-of-banks
|z Connect to the full text of this electronic book
|t 0
|
| 955 |
|
|
|a SAGE eBooks
|
| 955 |
|
|
|a SAGE Business Cases 2022 Annual Collection
|
| 994 |
|
|
|a 92
|b TXA
|
| 999 |
f |
f |
|s eeb6742f-c41c-4fe3-afaf-8ec20fff7b26
|i f649a45e-9bbf-426a-9bf4-1bf5b2e396ce
|t 0
|
| 952 |
f |
f |
|a Texas A&M University
|b College Station
|c Electronic Resources
|d Available Online
|t 0
|e HG1615 .N34 2019
|h Library of Congress classification
|
| 998 |
f |
f |
|a HG1615 .N34 2019
|t 0
|l Available Online
|